| 000 | 00760cam a22002534a 4500 | ||
|---|---|---|---|
| 003 | UPN | ||
| 005 | 20220701133559.0 | ||
| 008 | 041124s2001 es a r 000 0dspa d | ||
| 020 | _a8449310067 | ||
| 035 | _aUPN01000136527 | ||
| 040 |
_aUPN _bspa _cUPN |
||
| 049 | _aCG | ||
| 050 | 4 |
_aPN1997 E4.3 _bP3.4 |
|
| 100 | 1 | _aParanaguá, Paulo Antonio | |
| 245 | 1 | 0 |
_aÉl : _bLuis Buñuel / _cestudio crítico de Paulo Antonio Paranaguá. |
| 260 |
_aMadrid : _bPaidós Ibérica, _cc2001. |
||
| 300 |
_a139 p. : _bil. |
||
| 490 | 0 |
_aPaidós peliculas ; _v13 |
|
| 600 | 1 | 4 |
_aBuñuel, Luis, _d1900-1983 _936179 |
| 650 | 4 |
_aEL (PELICULA CINEMATOGRAFICA) _920284 |
|
| 650 | 0 |
_aProductores y directores cinematográficos _9463 |
|
| 905 | _aLibro | ||
| 942 |
_2lcc _cLIBRO |
||
| 999 |
_c108678 _d108678 |
||